00700 2200253 4500001002100000005001700021008004100038020002200079035002500101040001200126082001700138090001700155245006500172250001100237260004200248300002700290440002700317650002000344700001600364850001200380990001800392990001800410990001800428INLIS00000000000801220150921085527.0  a978-602-02-0077-1 a0010-071500000000695 aYOPDYOG 223a899.2213 b899.2213 Sun aSun Go Kongb: Legenda kera saktic/ Penerjemah, Yan Widjaya aCet. 1 aJakartabGramedia Pustaka Utamac2013 axii, 644 hlmc22,5 cm. aCerita klasik Tiongkok aFiksi Indonesia aYAN Widjaya aYOPDYOG a19220-PD/B.15 a19221-PD/B.15 a19222-PD/B.15